Quizzes
Events
Quiz Creation
Community
Videos
Private Events
Remove Ads
Sign In
Join for FREE
Feedback
Dark Mode
Quiz Categories
Sports
Geography
Music
Movies
Television
Just For Fun
Miscellaneous
History
Literature
Language
Science
Gaming
Entertainment
Religion
Holiday
For Kids
Quiz Lab
Recent
Popular Today
Quiz Kudos Today
Editor Picks
Curator Picks
Quizzes by...
Day
Popularity
Type
Ratings
Length
Year
Community
Subscriptions
Recent Discussions
Orange Saloon
Badges
Playlists
Quests
Create
Leaderboards
Showdown
Live 5
Trivia Bingo
Activity
Puzzle Library
Sporcle Events
Private Events
Virtual Trivia
Globe League
Become a Host
Pub Owners
SporcleCon
Opinionation
Our Games
Videos
Blog
Mobile Apps
Partnerships
Remove Ads and Go Orange
Feedback
Sports
Athletes
MLB
NBA
NHL
NFL
Soccer
Sports Teams
WWE
NCAA
Football
Premier League
Basketball
Baseball
Hockey
Golf
Tennis
Cricket
Rugby
Auto Racing
Olympics
World Cup
Sports
Athletes
MLB
NBA
NHL
NFL
Soccer
Sports Teams
WWE
NCAA
Football
Premier League
Basketball
Baseball
Hockey
Golf
Tennis
Cricket
Rugby
Auto Racing
Olympics
World Cup
Random Quiz
Search Sporcle
×
Quiz Lab
Quiz Lab
Sports
NFL
Type in answers that appear in a list
Type in answers that appear in a list
Classic
Best Score? Go Orange.
Top 50 Favourite NFL Players Stats
Can you name the Top 50 Favourite NFL Players?
By
reecerocks12
10m
50 Questions
59 Plays
59 Plays
59 Plays
Comments
Comments
Give Quiz Kudos
Give Quiz Kudos
-
- Ratings
hide this ad
Replay
Link that replays current quiz
Next Quiz
Link to next quiz in quiz playlist
You Got
0%
They Got
Avg Score
66%
Avg Friend Score
Upgrade to see
Score Distribution
Jump to the score distribution portion of the page
Score
0/50
Timer
10:00
0
Plays Today
Number
Answer
% Correct
1
Cam Newton
100%
2
Luke Kuechly
89.8%
3
Josh Norman
89.8%
5
Greg Olsen
89.8%
4
Demaryius Thomas
88.1%
14
Julius Thomas
88.1%
44
Earl Thomas
88.1%
11
Marshawn Lynch
86.4%
10
Von Miller
84.7%
12
Richard Sherman
83.1%
19
Russell Wilson
83.1%
49
Lamar Miller
83.1%
16
JJ Watt
81.4%
24
Steve Smith
81.4%
26
Ryan Tannehill
81.4%
9
Jonathan Stewart
79.7%
36
Aaron Rodgers
78%
39
Todd Gurley
76.3%
40
Charles Johnson
76.3%
43
Calvin Johnson
76.3%
48
Julio Jones
76.3%
20
Ted Ginn
74.6%
47
Larry Fitzgerald
74.6%
6
Thomas Davis
72.9%
23
Lesean McCoy
72.9%
Number
Answer
% Correct
31
Khalil Mack
71.2%
45
Eddie Lacy
71.2%
7
Mike Tolbert
69.5%
15
Cameron Wake
69.5%
25
Emmanuel Sanders
69.5%
29
Aqib Talib
69.5%
33
Clay Matthews
67.8%
32
CJ Anderson
66.1%
34
Kelvin Benjamin
61%
35
Chris Harris
59.3%
30
Jarvis Landry
57.6%
13
Devin Funchess
55.9%
27
Brent Grimes
55.9%
42
TJ Ward
54.2%
18
Michael Oher
52.5%
17
Ryan Kalil
50.8%
8
Kawann Short
44.1%
37
Corey Brown
42.4%
22
Kurt Coleman
37.3%
46
Kony Ealy
35.6%
21
Star Lotulelei
25.4%
28
Joe Webb
20.3%
38
Shaq Thompson
20.3%
50
Tre Boston
16.9%
41
Charles Tillman
13.6%
Quiz Playlist
Details
Report
Send in Message
Add To Playlist
Classic:
Type in answers that appear in a list
Last Updated: Feb 16, 2017
Quiz Scoreboard
CHALLENGE
Sign Up to Join the Scoreboard
Show All
Scores
Hide
Comments
May contain spoilers
Recently Published
Movies - When Are They Set?
by FPL_Elf
Movies
5m
Popular People in 1961
by mucciniale
History
6m
1-10 Letter E Words III
by El_Dandy
Language
2m
More to Explore
Quiz From the Vault
Featured Blog Post
Where Did the Easter Bunny Come From?
hide this ad
You Might Also Like...
Tags
NFL Quiz
Favorite
Player
team
Top 50
Today's Top Quizzes in Sports
Browse Sports
hide this ad
Today's Top Quizzes in NFL
Browse NFL
Top Contributed Quizzes in Sports
1
Les meilleurs buteurs des matchs entre le PSG et l’OM
2
2022 World Cup Stars
3
FIFA Club World Cup Champions
4
Les entraîneurs de l'OM et du PSG au 21e siècle
5
Name the Premier League winners with different clubs
6
La finale Lions - Afrique du Sud 2021
7
Criteria MLB: Left Handed Sluggers
8
Les joueurs passés par le LOSC et le RC Lens
9
Players with Multiple 50 Home Run Seasons
10
MLB Players with Two .350 Batting Average Seasons
Explore More
Trending Topics
Crossword
Marvel
NBA
Disney
Harry Potter
Kpop
Anime
The Office
NFL
Pokémon
Puzzle
Soccer
WWE
Country
Song
hide this ad
More By:
reecerocks12
Quiz
Plays
Rating
Category
Featured
Created
Top 300 NBA Scorers 2017-2018
2,073
3.00
Sports
Feb 4, 2018
Top 50 NFL Players 2015-2016
1,943
1.69
Sports
Feb 11, 2016
Top 100 Current NHL PLayers
541
1.00
Sports
Aug 24, 2014
Top 300 NBA Points Per Game 2018-2019
276
1.00
Sports
Jul 2, 2019
Top 300 NHL Goal Scorers 2018-2019
251
2.33
Sports
Jul 4, 2019
Go to Creator's Profile
Score Distribution
Quiz Creator Spotlight
reecerocks12
Follow
Send a Message
Quizzes Created
-
Created Quiz Play Count
-
More By This Creator
Popular Quizzes Today
1
Find the Countries of Europe - No Outlines Minefield
2
Find the US States - No Outlines Minefield
3
The Countries of the World
4
Popular People in 1961
5
US States
6
1-10 Letter E Words III
7
Find the US States
8
One Thing in Common: World Cities II
More Sports Quizzes
Higher or Lower: UCL Appearances
Quiz Lab
Trending Quizzes
Risky Map Clicking: Least Populous States A-Z
1-10 Letter F Words
1-10 Letter G Words
One Thing in Common: United Kingdom
Risky Map Clicking: Next State Alphabetically
Recently Updated
Leaping Animals
pecheneg
Reality TV Shows (A-Z)
bhenderson79
Rickey Henderson's Hall of Fame Teammates
pecheneg
Champions League XIs: Arsenal
pecheneg
Quick Pick: Celebrities in WWE's Hall of Fame
aduchscher
A-Z Keypad Blitz II
pecheneg
Multiple Oscar Actors
pecheneg
Mystery Phrase Blitz: Oscar 'Best Actors'
pecheneg
F. Scott Fitzgerald Novels
LTH
Pick 3 Villains
ddd62291
Trending Topics
Harry Potter
Disney
Crossword
NBA
Marvel
Kpop
Anime
Song
WWE
NFL
Soccer
The Office
Pokémon
Puzzle
Country
Your Account Isn't Verified!
In order to create a playlist on Sporcle, you need to verify the email address you used during registration. Go to your
Sporcle Settings
to finish the process.
Report this User
Report this user for behavior that violates our
Community Guidelines
.
Details:
Send Report
Go to the Sporcle.com Mobile Site →
Comments